Santuarios y ermitas marineras /
Colección:
San Jorge,
; núm. 23 (juliol 1956), pàg 23-25
Idioma:
Español
MARC
| LEADER | 00000naa a2200000 a 4500 | ||
|---|---|---|---|
| 003 | Arxiu | ||
| 005 | 20260324181508.0 | ||
| 008 | 160829s1956 spcaxx s spa c | ||
| 040 | |a AGDB | ||
| 100 | 1 | |a Amades, Joan, |d 1890-1959 |9 21237 | |
| 245 | 1 | 0 | |a Santuarios y ermitas marineras / |c por Juan Amades |
| 490 | |a San Jorge, |v núm. 23 (juliol 1956), pàg 23-25 | ||
| 650 | |a Costes |x Catalunya |9 33648 | ||
| 650 | |a Ermites |9 33649 | ||
| 650 | 0 | |a Mariners |x Vida social i costums |9 33650 | |
| 773 | |g Núm. 23 (juliol 1956), pàg 23-25 |t San Jorge. | ||
| 901 | |a Arxiu | ||
| 942 | |n 1 |2 udc |c ART | ||
| 952 | |0 0 |1 0 |4 0 |6 REV511 |7 1 |9 66386 |a Arxiu |b Arxiu |d 2023-05-22 |l 0 |o Rev-511 |r 2023-05-22 00:00:00 |w 2023-05-22 |y ARXIU |z També disponible a Rev-525 | ||
| 999 | |c 49936 |d 49936 | ||